000 00478nam a2200169Ia 4500
008 210716s2007 xx 000 0 und d
020 _a8131407845
041 _aeng
082 _a332.6322 BHAS
100 _aBhaskaran, S; Mohanty, Suchitra.
245 _aMarketing of livestock and livestock products in india.
250 _a1
260 _aHyderabad
_bICFAI University Press
_c2007
300 _aix,263
650 _aFinance
700 _aBhaskaran, S; Mohanty, Suchitra.
999 _c202381
_d202381